[Event "Moscow-ch Men 2019"]
[Site "Moscow"]
[Date "2019.03.31"]
[Round "2.9"]
[White "Zenin, Dmitry"]
[Black "Dragomarezkij, Evgeni"]
[Result "0-1"]
[WhiteElo "2236"]
[BlackElo "2386"]
[Annotator "TA"]
[PlyCount "114"]
[EventDate "2019.03.30"]
[EventType "swiss"]
[EventCountry "RUS"]
[SourceTitle "playchess.com"]
[Source "ChessBase"]
[SourceQuality "1"]

{[%evp 11,114,18,50,36,41,58,62,47,56,55,64,51,58,56,66,54,52,42,59,54,51,50,55,41,56,43,37,45,52,47,43,39,61,37,68,17,31,15,50,40,144,143,148,140,154,148,157,147,206,198,299,221,262,141,143,139,154,147,155,145,143,145,145,145,188,187,182,106,104,56,54,-17,0,0,0,0,0,0,0,0,0,-19,-27,-37,-25,-29,-27,-33,-22,-20,-8,-7,0,-12,0,-8,-8,-8,-8,-12,0,0,0,-1559,-1449]} 1. d4 Nf6 2. c4 e6 3. Nc3 Bb4 4. Qc2 c5 5. dxc5 Qc7 6. Nf3 Bxc5 7. g3 {E38: Nimzo-Indian: Classical: 4...c5} a6 8. Bg2 Be7 9. b3 {White is slightly better.} d6 10. O-O Nbd7 $146 {[%cal Bb8d7,Bd7f8,Bf8g6,Bg6e5][%mdl 32]} ({Predecessor:} 10... b6 11. Rd1 Bb7 12. Bf4 O-O 13. Rd2 Rd8 14. Rad1 h6 {½-½ (32) Lenderman,A (2614)-Oparin,G (2551) Caleta 2015}) 11. Nd4 O-O 12. Rd1 Rd8 13. Bb2 Nf8 14. a4 Bd7 15. a5 Rac8 16. Qd3 Ng6 17. Rdc1 Ne5 18. Qe3 Qb8 19. Na4 Bxa4 20. Rxa4 Ned7 21. Raa1 Bf8 22. Rd1 Re8 23. Rac1 (23. Qd2 $14) 23... d5 $11 24. cxd5 exd5 25. Qd3 Bb4 {[#]} ({Black should play} 25... Rxc1 $14 26. Rxc1 Qd8) 26. Nf5 $1 $36 {[%mdl 2048] White has strong initiative.} Rxc1 27. Rxc1 Ne5 28. Qd4 Bxa5 29. Bxd5 b5 (29... Rd8 $16) 30. Bg2 $18 Bb6 (30... h6 {is a better defense.} 31. e3 Re6) 31. Qd6 Ned7 {intending ...Qxd6.} 32. Qxb8 ({White should try} 32. Qd2 $18) 32... Rxb8 $16 33. Ne7+ Kf8 34. Nc6 Rc8 35. Ba3+ Ke8 36. e3 a5 37. Bd6 a4 38. bxa4 bxa4 39. Ra1 (39. Rc4 $18) 39... Bc5 40. Bxc5 (40. Ne7 {seems wilder.} Rd8 41. Nf5 Bxd6 42. Nxd6+ Kf8 43. Rxa4 g6 44. Nc4) 40... Nxc5 41. Nd4 ({Better is} 41. Na7 $1 $14 Rb8 42. Bc6+ Kf8 43. Bxa4) 41... Rb8 42. Bc6+ Ke7 43. Ra2 ({Wrong is} 43. Bxa4 $2 Ra8 $19) 43... Rb4 44. Kf1 Ng4 45. Bd5 Ne5 (45... Rb6 {is more complex.} 46. Bc6 Nxh2+ 47. Kg2 Ng4 48. Bxa4 Ra6) 46. Nc6+ Nxc6 47. Bxc6 $11 {[%mdl 4096] Endgame KRB-KRN} Kd6 48. Be8 f5 49. Ke2 Ne4 50. Kd3 Kd5 51. Bf7+ Kc5 52. Bg8 h6 53. Be6 g6 54. Bf7 g5 55. f3 Nf6 56. Be6 Nd5 57. e4 $2 {[%mdl 8192] [#]} (57. Bxf5 $11 Rb3+ 58. Kd2) 57... Rd4+ {Accuracy: White = 55%, Black = 44%.} 0-1

[Event "Moscow-ch Men 2019"]
[Site "Moscow"]
[Date "2019.03.31"]
[Round "2.10"]
[White "Geivondian, Arman"]
[Black "Volodin, Viktor"]
[Result "1-0"]
[WhiteElo "2388"]
[BlackElo "2191"]
[Annotator "TA"]
[PlyCount "95"]
[EventDate "2019.03.30"]
[EventType "swiss"]
[EventCountry "RUS"]
[SourceTitle "playchess.com"]
[Source "ChessBase"]
[SourceQuality "1"]

{[%evp 21,95,-14,-4,-29,-10,-11,-8,-4,-12,-13,-12,-16,-15,-10,0,-5,0,8,0,0,0,-4,-4,-4,-12,-4,0,-10,-3,-8,-10,-8,42,42,41,41,49,33,59,59,77,25,62,62,62,0,0,0,0,0,0,0,0,8,8,0,8,8,8,0,0,0,38,38,38,38,38,38,29979,29980,29980,29981,29986,29987,29987,5122]} 1. d4 d5 2. c4 e6 3. Nc3 Nf6 4. cxd5 exd5 5. Bg5 c6 6. Qc2 Be7 7. Nf3 g6 8. e4 dxe4 9. Bxf6 Bxf6 10. Qxe4+ Qe7 11. Bc4 Bf5 12. Qxe7+ {D36: Queen's Gambit Declined: Exchange Variation: Main line (5 Bg5 c6 6 Qc2)} Bxe7 13. O-O {[#]} Nd7 $146 ({Predecessor:} 13... O-O 14. Rfe1 Bf6 15. h3 h5 16. Ne5 Nd7 17. Ne4 Bxe5 18. dxe5 Nxe5 19. Nf6+ Kg7 20. Nxh5+ gxh5 21. Rxe5 {½-½ (39) Khenkin,I (2591)-Kravtsiv,M (2565) Delft 2015}) 14. Rfe1 {The position is equal.} Kf8 15. h3 h5 16. Rad1 Rd8 17. Bb3 Nb6 18. Ne5 Nd5 19. Nxd5 cxd5 20. Rc1 {[#] Black must now prevent Rc7.} Bd6 21. Red1 Be6 22. Nd3 b6 23. a3 $1 Kg7 24. Rc3 Rc8 25. Rdc1 Rxc3 26. Rxc3 Rc8 27. Rxc8 Bxc8 28. Bxd5 $14 {[%mdl 4096] Endgame KBB-KBN} h4 29. Ne5 Bxe5 30. dxe5 {KB-KB} g5 $1 31. Kf1 (31. f3 $16) 31... Kg6 32. Be4+ Bf5 33. f3 ({White should play} 33. Bf3 $1 $14) 33... Bxe4 $11 34. fxe4 {KP-KP} g4 $1 35. Kf2 Kg5 $1 36. Ke3 {a4 is the strong threat.} b5 $1 37. b3 $1 a5 $1 {[%cal Ba7a5,Ba5a4][%mdl 32]} 38. b4 a4 $1 39. Kd4 Kf4 40. Kc5 gxh3 $1 41. gxh3 Kxe5 42. Kxb5 Kxe4 43. Kxa4 {aiming for b5. K3P-KPP} f5 {Hoping for ...f4.} 44. b5 {White threatens b6 and mate.} Kd5 $2 {[%mdl 8192] [#]} (44... f4 $14 45. b6 f3) 45. Kb4 {White mates.} f4 46. Kc3 Ke4 47. b6 f3 48. b7 {Accuracy: White = 72%, Black = 55%.} (48. Kd2 $142 Kf5 49. b7 Kg5 50. b8=Q Kg6 51. Qf4 f2 52. Qxf2 Kg7 53. Ke3) 1-0

[Event "Moscow-ch Men 2019"]
[Site "Moscow"]
[Date "2019.03.31"]
[Round "2.11"]
[White "Yakimenko, Alexander A."]
[Black "Tsoi, Dmitry"]
[Result "1/2-1/2"]
[WhiteElo "2082"]
[BlackElo "2340"]
[Annotator "TA"]
[PlyCount "92"]
[EventDate "2019.03.30"]
[EventType "swiss"]
[EventCountry "RUS"]
[SourceTitle "playchess.com"]
[Source "ChessBase"]
[SourceQuality "1"]

{[%evp 9,92,25,29,29,68,60,61,47,46,43,51,40,31,34,36,27,54,38,68,11,16,8,15,5,16,0,3,9,124,96,154,162,145,173,148,119,111,98,125,117,161,145,145,145,145,82,79,8,13,14,117,115,113,112,99,0,0,0,0,-244,-236,-192,0,0,0,0,0,0,0,0,0,0,0,0,0,0,0,0,0,0,0,0,0,0,0]} 1. e4 d5 2. exd5 Qxd5 3. Nc3 Qa5 4. Bc4 Nf6 5. Nf3 Bg4 6. h3 {B01: Scandinavian Defence} Bxf3 (6... Bh5 7. Qe2 Nbd7 8. g4 Bg6 9. d3 c6 10. Bd2 Qc7 11. Nh4 e6 12. f4 O-O-O 13. O-O-O Bb4 14. Qf2 Bc5 15. Be3 Bxe3+ 16. Qxe3 {½-½ (97) Harikrishna,P (2731)-Bauer,C (2630) Switzerland 2018}) 7. Qxf3 c6 8. d4 {White is slightly better.} Nbd7 9. Bd2 e6 10. Nd5 Qd8 11. Nxf6+ Qxf6 12. Qxf6 gxf6 $146 ({Predecessor:} 12... Nxf6 13. Bf4 O-O-O 14. c3 Bd6 15. Bxd6 Rxd6 16. O-O-O {½-½ (16) Ayza Leon,D (2302)-Munoz Pantoja,M (2559) Barcelona 2014}) 13. O-O-O $36 {[%mdl 2048] White is pushing.} h5 14. h4 (14. g4 $14) 14... Bh6 15. Bxh6 Rxh6 16. Be2 f5 17. Rh3 Ke7 18. Rb3 b5 (18... Rb8 $11) 19. Bf3 Kd6 {[#]} (19... Rc8 $142) 20. Rxb5 $1 $16 {[%mdl 512]} cxb5 21. Bxa8 {[%mdl 4096] Endgame KRB-KRN} Nf6 22. Re1 Ng4 23. Re2 f4 24. Bf3 Nh2 25. Re5 $1 Nxf3 26. gxf3 {KR-KR} a6 27. Rg5 (27. Kd2 $142) 27... Rg6 28. Rxh5 (28. Rxg6 $1 $16 fxg6 29. Kd2) 28... Rg2 $11 29. a4 b4 (29... bxa4 $11 {keeps the balance.} 30. Ra5 Rxf2) 30. Ra5 $16 Rxf2 31. Rxa6+ Kd5 32. Ra7 (32. Rb6 $16) 32... Rxf3 $11 33. Rxf7 {Hoping for a5.} Kxd4 34. Kd2 $2 {[#]} (34. Rd7+ $11 {and White has nothing to worry.} Ke4 35. a5) 34... Rf2+ $1 $19 35. Ke1 {[#]} Rxc2 $2 (35... Ke3 $1 $19 36. Re7 Re2+ 37. Kf1 Rxc2 38. Rxe6+ Kf3) 36. Rxf4+ $11 {The position is equal.} Ke3 {[%cal Rc2c1]} 37. Kd1 Rxb2 38. Kc1 Rb3 39. Rf6 (39. Rc4 {is interesting.} Kd3 40. Rg4 Rc3+ 41. Kb2 e5 42. h5) 39... e5 40. a5 Rc3+ 41. Kb2 e4 42. a6 Kd4 43. h5 {Black must now prevent Rb6.} Rc7 44. Kb3 Re7 45. Kxb4 e3 {And now ...e2 would win.} 46. Rf1 e2 {Accuracy: White = 53%, Black = 67%.} 1/2-1/2

[Event "Moscow-ch Men 2019"]
[Site "Moscow"]
[Date "2019.03.31"]
[Round "2.12"]
[White "Savenkov, Konstantin"]
[Black "Tarasov, Oleg"]
[Result "1-0"]
[WhiteElo "2373"]
[BlackElo "2175"]
[Annotator "TA"]
[PlyCount "103"]
[EventDate "2019.03.30"]
[EventType "swiss"]
[EventCountry "RUS"]
[SourceTitle "playchess.com"]
[Source "ChessBase"]
[SourceQuality "1"]

{[%evp 9,103,16,16,9,34,32,48,31,26,29,29,15,23,25,25,7,30,18,28,14,10,6,31,11,135,47,158,56,57,31,50,15,24,11,33,3,34,48,86,77,82,24,18,32,25,25,25,26,26,25,43,27,36,26,47,47,52,50,51,51,55,52,52,52,47,41,42,45,75,58,51,62,134,108,173,160,179,173,181,97,83,100,139,139,509,496,1003,968,918,778,783,783,783,754,694,677]} 1. e4 c5 2. Nf3 d6 3. Bb5+ Nd7 4. O-O a6 5. Bd3 (5. Bxd7+ Bxd7 6. d4 cxd4 7. Qxd4 e5 8. Qd3 h6 9. a4 Nf6 10. a5 Be7 11. c4 b5 12. axb6 Qxb6 13. Nc3 O-O 14. Be3 Qb7 15. h3 Rfc8 16. Nd2 Be6 17. Rfb1 a5 18. b3 Ra6 19. Ra2 Bd7 20. Rba1 {½-½ (20) Wang,H (2730)-Nepomniachtchi,I (2763) St Petersburg 2018}) 5... Ngf6 6. Re1 {B51: Sicilian: Moscow Variation (3 Bb5+) without 3...Bd7} g6 7. c3 Ne5 8. Nxe5 {White is slightly better.} dxe5 9. Bf1 Bg7 10. d3 O-O 11. a4 b6 $146 ({Predecessor:} 11... Be6 12. a5 Qc7 13. Nd2 Rfd8 14. Qc2 Bh6 15. b3 Bxd2 16. Bxd2 {1-0 (49) Chen,F (2398)-Li,H (2132) Qinhuangdao 2018}) 12. Nd2 Be6 13. Nf3 Qc7 14. Be3 Rfd8 15. Qc2 Bg4 16. Nd2 Ne8 {[#]} (16... a5 $11) 17. Rec1 ({White should try} 17. a5 $1 $16 {[%mdl 512]}) 17... Rac8 {[#]} ({Black should play} 17... Nd6 $14) 18. Rab1 (18. a5 $1 $16 {[%mdl 512]}) 18... a5 19. b3 Be6 20. Qb2 Qc6 21. Qa3 Nd6 22. f3 f5 23. b4 axb4 24. cxb4 f4 25. bxc5 (25. Bf2 $16) 25... fxe3 $11 26. cxd6 Qxd6 27. Qxd6 exd6 ({Much weaker is} 27... Rxd6 $6 28. Rxc8+ Bxc8 29. Nc4 $16) 28. Nc4 Bxc4 29. dxc4 Rc6 30. Bd3 Ra8 31. Ra1 Bh6 32. Rcb1 Ra5 33. Kf1 Kf7 34. Ke2 Ke7 35. g3 Kd8 36. Ra2 Ra7 37. Rf1 Rf7 38. Rb2 Kc7 39. Rfb1 Rf8 $1 {[#]} 40. a5 $1 {[%cal Ba4a5,Ba5b6][%mdl 544] Black must now prevent c5.} Rb8 ({Better is} 40... Ra8 $1 $14) (40... bxa5 41. Rb7+) 41. h4 Rb7 (41... g5 $16) 42. Rb5 $18 Rc5 43. axb6+ ({Resist} 43. Rxb6 $6 Rxb6 44. axb6+ Kb7 $16) 43... Kc6 44. R5b4 (44. R5b2 $18) 44... Ra5 $16 45. R1b2 Ra3 46. Bc2 {Hoping for Ba4+.} Kc5 $2 {[%mdl 8192] [#]} (46... Rb8 $16 {is a better chance.} 47. Ra4 Rxa4 48. Bxa4+ Kb7) 47. Ba4 $1 $18 {White is clearly winning.} Kd4 (47... g5 $142 48. Rb5+ Kc6) 48. Bc6 Rb8 49. b7 Kc3 50. Bd5 g5 {[#]} 51. R4b3+ $3 {[%mdl 512]} Rxb3 52. Rxb3+ {Accuracy: White = 45%, Black = 26%.} 1-0

[Event "Moscow-ch Men 2019"]
[Site "Moscow"]
[Date "2019.03.31"]
[Round "2.13"]
[White "Kurdakov, Yuri"]
[Black "Makarian, Rudik"]
[Result "0-1"]
[WhiteElo "2128"]
[BlackElo "2354"]
[Annotator "TA"]
[PlyCount "80"]
[EventDate "2019.03.30"]
[EventType "swiss"]
[EventCountry "RUS"]
[SourceTitle "playchess.com"]
[Source "ChessBase"]
[SourceQuality "1"]

{[%evp 9,80,0,0,-18,-13,-12,-2,-21,0,-11,26,-27,0,-28,-20,-28,0,-10,0,1,0,0,12,-79,-75,-77,-87,-101,-90,-109,-105,-101,-97,-68,-81,-79,-79,-132,-81,-76,-65,-77,-74,-74,-55,-59,-59,-54,-54,-57,-47,-81,-79,-57,-65,-139,-139,-140,-145,-228,-218,-271,-218,-222,-211,-209,-167,-177,-184,-139,-11,-756,-741]} 1. d4 Nf6 2. Nf3 e6 3. Bg5 h6 4. Bh4 b6 5. e3 Bb7 6. Nc3 {A46: 1 d4 Nf6 2 Nf3 e6: Torre, London and Colle Systems} (6. Bd3 Be7 7. Nbd2 d6 8. c3 Nbd7 9. Qe2 a6 10. e4 Nh5 11. Bg3 c5 12. Rd1 Qc7 13. a3 b5 14. O-O Nxg3 15. hxg3 e5 {0-1 (48) Grandelius,N (2643)-Zhigalko,S (2671) Tallinn 2016}) 6... Be7 7. Bd3 d6 $146 ({Predecessor:} 7... g5 8. Bg3 g4 9. Ne5 h5 10. e4 d6 11. Nc4 Nxe4 12. Bxe4 Bxe4 13. Nxe4 d5 14. Be5 {1-0 (28) Gervais,V (2322)-Keller,C (2209) France 2010}) 8. e4 {The position is equal.} Nbd7 9. Qe2 Nh5 10. Bg3 ({White should try} 10. Bxe7 Qxe7 11. Qe3) 10... c5 11. Ba6 Bxa6 12. Qxa6 cxd4 13. Nxd4 Qc8 14. Qe2 Nxg3 15. hxg3 a6 16. a4 (16. O-O-O $11 {remains equal.}) 16... Bf6 $36 {[%mdl 2048] Keeping White busy.} 17. Qd2 Ne5 {aiming for ...Nc4.} 18. Nce2 O-O 19. c3 Qb7 20. Qc2 b5 21. axb5 axb5 22. O-O b4 23. c4 (23. Rfd1 $142) 23... Rac8 ({Better is} 23... Qb6 24. Rxa8 Rxa8) 24. b3 Nd7 25. Rad1 Nc5 26. Nb5 Qxe4 27. Qxe4 Nxe4 28. Nxd6 Nxd6 29. Rxd6 Rfd8 30. Rfd1 Rxd6 31. Rxd6 {[%mdl 4096] Endgame KRB-KRN} Ra8 32. Rb6 {[#]} (32. c5 $15) 32... Ra2 $1 {[%cal Ra2e2]} 33. Nf4 Bd4 34. Rb8+ (34. Rxb4 $17 g5 35. Nh3) 34... Kh7 $19 35. Rxb4 Rxf2 ({Weaker is} 35... Bxf2+ 36. Kh2 $17) 36. Kh2 e5 37. Nd5 f5 38. Rb7 Rf1 39. b4 Rc1 (39... Kg6 $17 {White should prevent ...Rc1.} 40. Rd7 Rc1) 40. Rc7 $2 {[%mdl 8192] [#]} (40. Ne7 $11) 40... Bg1+ {Accuracy: White = 35%, Black = 68%.} 0-1

[Event "Moscow-ch Men 2019"]
[Site "Moscow"]
[Date "2019.03.31"]
[Round "2.14"]
[White "Smirnov, Timofey"]
[Black "Paldyaev, Vladislav"]
[Result "1-0"]
[WhiteElo "2345"]
[BlackElo "1756"]
[Annotator "TA"]
[PlyCount "131"]
[EventDate "2019.03.30"]
[EventType "swiss"]
[EventCountry "RUS"]
[SourceTitle "playchess.com"]
[Source "ChessBase"]
[SourceQuality "1"]

{[%evp 9,131,71,97,65,64,62,53,67,60,64,73,76,105,77,131,124,108,117,168,144,167,62,76,60,65,58,67,22,152,44,59,50,44,43,55,38,132,127,110,81,94,75,145,131,143,140,147,142,148,139,125,94,83,93,109,110,110,118,106,94,80,97,94,93,89,78,243,225,218,199,218,218,248,216,279,275,308,251,258,201,355,354,333,235,269,277,317,302,321,208,210,211,239,218,294,294,293,293,233,289,249,0,66,21,754,725,702,724,621,621,1548,893,29973,29958,29985,29986,29987,29988,29988,29983,29983,29981,29991,29990]} 1. e4 Nf6 2. e5 Nd5 3. c4 Nb6 4. d4 e6 (4... d6 5. Nf3 Bg4 6. Be2 e6 7. O-O Be7 8. Nc3 O-O 9. Be3 a6 10. b3 d5 11. h3 Bf5 12. c5 N6d7 13. Bd3 Bxd3 14. Qxd3 Nc6 15. a3 b6 16. b4 bxc5 17. bxc5 f6 18. exf6 Bxf6 {1-0 (55) Melkumyan,H (2664)-Ehlvest,J (2536) chess.com INT 2018}) 5. Nc3 d6 6. exd6 {B02: Alekhine's Defence: Chase Variation and lines with early Nc3} cxd6 7. Nf3 Be7 8. Bd3 {White is slightly better.} Nc6 9. O-O Bf6 10. Be3 h6 $146 ({Predecessor:} 10... O-O 11. a3 e5 12. d5 {1-0 (38) Cantero,R (1781)-Lipiniks,L (1838) Asuncion 2015}) 11. d5 Ne5 ({Black should try} 11... Nb4) 12. Nxe5 $16 Bxe5 13. f4 Bf6 (13... Bxc3 $16 14. bxc3 O-O) 14. dxe6 $1 $18 Bxe6 15. Ne4 (15. f5 $1 $18 {[%cal Rf5e6]} Bd7 16. c5) 15... O-O $14 16. Nxf6+ Qxf6 17. b3 Rfe8 18. Qf3 Re7 (18... Bg4 $11 {keeps the balance.} 19. Qg3 (19. Qxg4 Rxe3 20. Rad1 d5 $11) 19... Nd7) 19. Qf2 (19. f5 $1 $16 {[%cal Rf5e6]} Bc8 20. Qf4) 19... Bf5 20. Bd4 $36 {[%mdl 2048] White has the initiative.} Qg6 $1 21. Bxf5 Qxf5 22. Rae1 Re6 (22... Rae8 $14) 23. Rxe6 $16 fxe6 24. a4 ({Don't play} 24. Bxb6 axb6 25. a4 (25. Qxb6 Rxa2 26. Qe3 d5 $11) 25... Qc5 $14) (24. Qg3 {seems wilder.} Qf7 25. f5 e5 26. Be3 Kh7 27. Qf3) 24... Nd7 25. Bxa7 Qd3 (25... d5 $142) 26. Qe3 $1 {[%cal Re3d3]} Qxe3+ 27. Bxe3 {[%mdl 4096] Endgame KRB-KRN} Kf7 28. Rd1 Ke7 29. Bd4 g6 30. Bg7 Nc5 31. Rb1 $1 ({But not} 31. Bxh6 $6 Nxb3 32. Bg5+ Kd7 $11) 31... h5 32. Kf2 e5 33. fxe5 dxe5 34. Ke2 Ke6 {[#]} 35. Bh6 $1 g5 36. Bxg5 Ne4 {Hoping for ...Nc3+.} 37. Bd2 $1 Rf8 $2 (37... Rg8 $16 {keeps fighting.} 38. Rg1 Nc5) 38. Be1 $18 Rg8 39. Kf3 Kf5 40. a5 Rd8 41. h3 {Black must now prevent g4+.} Nc5 42. b4 e4+ 43. Ke2 Nd3 44. Bd2 Ne5 $2 (44... Rg8 {is a better defense.}) 45. Rf1+ Ke6 46. c5 Rd3 47. Rf4 Kd5 48. Rf5 Kd4 49. Bf4 Nc6 50. b5 ({Don't take} 50. Rxh5 $6 Ra3 $16) 50... Nxa5 51. Rxh5 Rb3 52. Be5+ Kc4 53. g4 Kxb5 {[#]} 54. g5 $1 {[%cal Rg5g6]} Nc4 55. Bf6 $2 (55. Bd4 $18) 55... Rg3 ({Black should play} 55... Re3+ $11 56. Kd1 Rd3+ 57. Ke1 Re3+ 58. Kf2 Rf3+ 59. Ke2 Re3+ 60. Kf2 Rf3+ 61. Ke1 Re3+ 62. Kf2) 56. Rh4 e3 $2 {[%mdl 8192]} (56... Rg2+ $11 57. Ke1 Nd2) 57. Rg4 Rxh3 58. Rg2 Rh7 59. g6 Rd7 60. g7 Rd2+ 61. Kf3 {White mates.} Rd1 62. g8=Q Rf1+ 63. Ke4 Rxf6 64. Qe8+ Kb4 65. Qd7 Nd2+ 66. Kd3 {Accuracy: White = 61%, Black = 37%.} 1-0

[Event "Moscow-ch Men 2019"]
[Site "Moscow"]
[Date "2019.03.31"]
[Round "2.15"]
[White "Muraseev, Vasilii"]
[Black "Gubajdullin, Alexei"]
[Result "0-1"]
[WhiteElo "1444"]
[BlackElo "2344"]
[Annotator "TA"]
[PlyCount "56"]
[EventDate "2019.03.30"]
[EventType "swiss"]
[EventCountry "RUS"]
[SourceTitle "playchess.com"]
[Source "ChessBase"]
[SourceQuality "1"]

{[%evp 9,56,-31,-27,-35,-35,-31,-2,-38,0,0,0,-13,2,0,2,-4,0,-12,-14,-12,-12,-30,-38,-65,-68,-90,-77,-95,-115,-160,-188,-362,-372,-359,-356,-365,-359,-350,-344,-906,-842,-884,-691,-652,-613,-608,-612,-29988,-29988]} 1. Nf3 c5 2. g3 Nc6 3. Bg2 e5 4. d3 g6 5. b3 (5. O-O Bg7 6. c3 Nge7 7. a3 O-O 8. b4 d6 9. e4 b6 10. Bb2 Bb7 11. Nbd2 Qd7 12. Qb3 h6 13. Rfe1 Kh7 14. d4 cxd4 15. cxd4 Nxd4 16. Nxd4 exd4 17. Nf3 Ng8 18. Nxd4 {1-0 (53) Maghsoodloo,P (2649)-Liang,A (2575) Manavgat 2018}) 5... Bg7 {White must now prevent ...e4!} 6. Bb2 {A04: Unusual lines after 1 Nf3 and King's Indian Attack} Nge7 7. c4 O-O {Threatens to win with ...e4!} 8. Qc2 {The position is equal.} (8. Nc3 {with more complications.} d6 9. O-O a6 10. e3 Bg4 11. Qd2) 8... Nd4 $146 ({Predecessor:} 8... d6 9. O-O h6 10. a3 Bg4 {0-1 (71) Coope,D (1950)-Kroll,O (2207) ICCF email 2014}) 9. Nxd4 exd4 10. O-O Nf5 11. Nd2 Re8 12. Rae1 d6 13. Ne4 Bd7 14. Bc1 {Black should prevent g4.} h6 15. h3 Bc6 16. a3 Rc8 17. Bd2 d5 18. Nxc5 dxc4 19. Nxb7 {[#]} Qb6 $1 $36 {[%mdl 2048] Black has strong initiative.} 20. Na5 $2 (20. Bxc6 Rxc6 21. Na5 {[%mdl 64] Double Attack}) 20... Bxg2 $19 21. Kxg2 c3 22. Nc4 cxd2 23. Qxd2 Qxb3 24. g4 $2 (24. Rb1 Qa4 25. Rfc1) 24... Nh4+ 25. Kg3 Qb8+ 26. f4 {[#]} Rxc4 $1 27. dxc4 Re3+ 28. Kh2 Qb3 {[%mdl 64] Double Attack. Accuracy: White = 25%, Black = 67%.} 0-1

[Event "Moscow-ch Men 2019"]
[Site "Moscow"]
[Date "2019.03.31"]
[Round "2.16"]
[White "Chudinovskikh, Alexander M"]
[Black "Kireev, Igor"]
[Result "1-0"]
[WhiteElo "2213"]
[BlackElo "1673"]
[Annotator "TA"]
[PlyCount "41"]
[EventDate "2019.03.30"]
[EventType "swiss"]
[EventCountry "RUS"]

{[%evp 9,41,0,-8,0,15,-3,60,63,62,64,58,65,54,40,59,53,63,48,122,92,96,103,227,225,221,234,265,266,285,284,558,563,1242,1245]} 1. d4 d5 2. Bf4 c5 3. e3 Nc6 4. Nf3 Bf5 (4... Nf6 5. Nbd2 e6 6. c3 cxd4 7. cxd4 Qb6 8. Rb1 Nh5 9. Bg5 h6 10. Bh4 g5 11. Bg3 g4 12. Ne5 Nxg3 13. hxg3 Nxe5 14. dxe5 h5 {½-½ (30) Artemiev,V (2701)-Adhiban,B (2661) Sharjah 2018}) 5. c3 e6 6. Bb5 {D00: 1 d4 d5: Unusual lines} Bd6 7. dxc5 $146 ({Predecessor:} 7. Ne5 Bxe5 8. Bxe5 f6 9. Bg3 cxd4 10. exd4 Nge7 {0-1 (44) Schmitt,A (1766)-Saken Shaft,N (1492) Saarlouis Steinrausch 2005}) 7... Bxf4 (7... Bxc5 $11 8. Nbd2 Nge7) 8. exf4 $14 {White is slightly better.} Nge7 9. O-O O-O 10. Nbd2 Qc7 11. Qa4 a6 12. Bxc6 Nxc6 13. g3 Na5 (13... b5 $14 14. Qd1 b4) 14. Ne5 Rfd8 15. b4 Nc4 (15... f6 $16) 16. Ndxc4 $18 dxc4 17. Nxc4 b5 18. Qa5 Qb7 19. Rfd1 Rdc8 $2 (19... Rxd1+ 20. Rxd1 h6 21. Rd8+ Kh7) 20. Nd6 {[%mdl 64] [#] Double Attack} Qf3 {( -> ...Bh3!)} 21. Nxc8 {Accuracy: White = 51%, Black = 13%.} 1-0

[Event "Moscow-ch Men 2019"]
[Site "Moscow"]
[Date "2019.03.31"]
[Round "2.17"]
[White "Trofimovsky, Alexander"]
[Black "Zakhartsov, Vladimir"]
[Result "1/2-1/2"]
[WhiteElo "2033"]
[BlackElo "2468"]
[Annotator "TA"]
[PlyCount "102"]
[EventDate "2019.03.30"]
[EventType "swiss"]
[EventCountry "RUS"]
[SourceTitle "playchess.com"]
[Source "ChessBase"]
[SourceQuality "1"]

{[%evp 17,102,-11,20,-3,-5,0,0,0,0,-6,-4,-7,0,0,0,0,14,16,12,17,16,4,15,17,16,16,25,27,36,35,18,-8,-8,-8,0,-8,20,16,38,0,43,18,85,80,87,64,59,24,28,0,0,0,0,0,0,0,0,0,8,0,0,0,0,0,0,0,0,0,0,0,0,0,0,0,0,0,0,0,0,0,0,0,0,0,0,0,0]} 1. c4 e5 2. Nc3 Nf6 3. Nf3 Nc6 4. e4 Bc5 5. Nxe5 Nxe5 6. d4 Bb4 7. dxe5 Nxe4 8. Qd4 Nxc3 9. bxc3 Be7 10. c5 {A28: English Opening: Four Knights Variation} (10. Be2 O-O 11. Bf4 d6 12. O-O Be6 13. Bf3 Qc8 14. Rab1 Rb8 15. Qxa7 Bxc4 16. exd6 Bxd6 17. Bxd6 cxd6 18. Rfd1 d5 19. Bxd5 Bxd5 20. Rxd5 Qxc3 {½-½ (31) Vishnu,P (2510)-Adly,A (2626) Dubai 2018}) 10... O-O 11. Bc4 d6 12. cxd6 cxd6 13. Bf4 dxe5 14. Bxe5 Qxd4 15. Bxd4 Bf6 $146 ({Predecessor:} 15... Bf5 16. O-O Rac8 17. Bb3 b6 {½-½ (46) Nikas,N-Karagiannis,A (2265) Athens 1997}) 16. O-O-O Bxd4 17. Rxd4 ({Much worse is} 17. cxd4 Bg4 $15) 17... Bf5 18. Re1 Rfe8 19. Rxe8+ Rxe8 $11 {[%mdl 4096] Endgame KRB-KRB} 20. Bb5 Rf8 21. Bd7 Bg6 22. f4 Rd8 23. g4 h5 24. h3 Kf8 25. f5 Bh7 26. Kd2 Bg8 27. f6 gxf6 28. Bf5 Rb8 29. Rd7 a5 (29... hxg4 $11 30. hxg4 (30. Bxg4 Bh7 $11) 30... Ke8) 30. gxh5 $16 {[#] aiming for h6.} Kg7 31. Be4 b6 32. Bd5 Kh6 33. Bxf7 Bxf7 {The position is equal.} 34. Rxf7 $11 {KR-KR} Rd8+ 35. Ke3 Rd6 36. Kf4 b5 37. Kf5 Rd5+ 38. Kxf6 Rc5 39. Ra7 a4 40. Rb7 a3 41. Rb8 {[%cal Rb8h8] [#]} Kh7 42. Rb7+ Kh6 43. Rb8 {[%cal Rb8h8]} Rc6+ 44. Ke5 {Threatens to win with Kd4.} Rxc3 45. Rb6+ (45. Rxb5 {with more complications.} Rc2 46. Ra5 Rxa2 47. Kf4 Rf2+ 48. Kg3) 45... Kxh5 46. Rxb5 {Intending Kd4+ and mate.} Rc2 47. Ra5 Rxa2 48. Kd4+ Kh4 49. Kc3 Rh2 50. Rxa3 Rxh3+ 51. Kb2 Rxa3 {Accuracy: White = 65%, Black = 68%.} 1/2-1/2